000 00534nam a2200205Ia 4500
003 OSt
005 20230405105036.0
008 210423s2010 xx 000 0 und d
020 _a9788130912547
040 _cAL
041 _aeng
082 _a413 GOUW
100 _aGOULD (William).
_983150
245 _aDictionary of punctuation and hyphenation.
260 _aNew Delhi
_bViva Books Pvt Ltd
_c2010
300 _aviii,237
_bPB
365 _b120
_cINR
906 _aDictionary ; hyphenation. ; punctuation
942 _2ddc
_cBK
999 _c158097
_d158097